| 000 | 00809nam a22002057a 4500 | ||
|---|---|---|---|
| 005 | 20250807103848.0 | ||
| 010 | _aB-773093-117 BACEN25 | ||
| 020 |
_c780.00 _a9789354095627 |
||
| 035 | _aB-773093-117 | ||
| 037 | _bBookwell | ||
| 082 |
_a954 _21 |
||
| 100 |
_aTanwar, Raghuvendra _983911 |
||
| 245 |
_aThe Story of India's Partition/ _cBy Raghuvendra Tanwar |
||
| 250 | _a1 | ||
| 260 |
_aNew Delhi _bPublication Division _c2022(Rep) |
||
| 270 |
_aSoochna Bhawan , C.G.O Complex, Lodhi Road _bNew Delhi _e110003 |
||
| 300 |
_a236p. _c28cm(hb) _bCol. Ill. |
||
| 942 |
_2ddc _cEN _h954 _mTAN _e1 |
||
| 999 |
_c208837 _d208837 |
||